Un Pont de natura i cultura mediterrània desembre 2004 - juliol 2006 / [Idea projecte i coordinació: Xavier Roget... [et al.]] desembre 2004 - juliol 2006 /
Descripción Física:
1 disc òptic (DVD) ca. 9 min : col., so
Otros Autores:
Roget, Xavier, coord
MARC
| LEADER | 00000ngm a2200000Ia 4500 | ||
|---|---|---|---|
| 001 | 19069 | ||
| 007 | co aa aaaaa | ||
| 008 | 160829s2006 xx 000 0 cat d | ||
| 080 | |a CD-2-11 | ||
| 245 | |a Un Pont de natura i cultura mediterrània |h [Enregistrament de vídeo] : |b desembre 2004 - juliol 2006 / |b [Idea projecte i coordinació: Xavier Roget... [et al.]] | ||
| 260 | |a Barcelona : |b Diputació de Barcelona : |b Legambiente : |b Federparchi, |c 2006 | ||
| 300 | |a 1 disc òptic (DVD) ca. 9 min : |b col., so | ||
| 590 | |a Inclou la Memòria d'activitat Conveni Marc de Col·laboració Legambiente-Federparchi - Diputació de Barcelona | ||
| 650 | |a Cultura mediterrània |9 44858 | ||
| 655 | 0 | |9 54986 |a DVD | |
| 700 | |a Roget, Xavier, coord. |9 44859 | ||
| 710 | 1 | |a Barcelona (Catalunya : Província). |b Diputació |9 52408 | |
| 901 | |a Arxiu | ||
| 942 | |n 1 |2 udc | ||
| 952 | |0 0 |1 0 |4 0 |6 CD211 |7 1 |9 52215 |a Arxiu |b Arxiu |d 2016-12-01 |l 0 |o CD-2-11 |p 19069 |r 2016-12-01 00:00:00 |w 2016-12-01 |y ARXIU | ||
| 999 | |c 56063 |d 56063 | ||